000 00524nam a2200193Ia 4500
999 _c15095
_d15095
003 OSt
005 20201116154630.0
008 190216s9999||||xx |||||||||||||| ||und||
020 _a8171827225
040 _coclc
082 _a424
_bKIS/B
100 _aKishore, B R
_96612
245 4 _aThe Book Of Best Quotations /
_cB R Kishore
250 _a1st Ed.
260 _bDiamond Pocket Books,
_c2003.
_aNew Delhi:
300 _a188p
650 _aEnglish
942 _cBK
_2ddc
_h424
_iKIS/B
_k424
_mKIS/B